[Event "British Columbia-ch U20"]
[Site "Vancouver CAN"]
[Date "2022.11.20"]
[Round "4.7"]
[White "He, Matthew"]
[Black "Partovirad, Diba"]
[Result "1-0"]
[WhiteElo "1816"]
[BlackElo "1581"]
[PlyCount "65"]
[EventDate "2022.11.19"]
[EventType "swiss"]
[EventRounds "5"]
[EventCountry "CAN"]

1. d4 d5 2. c4 e6 3. Nc3 Nf6 4. cxd5 exd5 5. Bg5 Be7 6. e3 O-O 7. Bd3 c6 8. Qc2
Nbd7 9. Nge2 Re8 10. O-O Nf8 11. f3 g6 12. Rad1 Ne6 13. Bh4 a6 14. a3 Ng7 15.
b4 a5 16. e4 axb4 17. axb4 Qb6 18. e5 Nd7 19. Bxe7 Rxe7 20. f4 Nf8 21. Qd2 Kh8
22. b5 Be6 23. bxc6 bxc6 24. Bc2 Nd7 25. h3 h5 26. f5 Nxf5 27. Bxf5 Bxf5 28.
Qh6+ Kg8 29. Rxf5 gxf5 30. Nf4 Qd8 31. Rd3 f6 32. Rg3+ Kf7 33. Qg6+ 1-0

[Event "British Columbia-ch U20"]
[Site "Vancouver CAN"]
[Date "2022.11.20"]
[Round "4.8"]
[White "Amjadi, Borna"]
[Black "Tang, Gideon"]
[Result "1/2-1/2"]
[WhiteElo "1759"]
[BlackElo "1443"]
[PlyCount "94"]
[EventDate "2022.11.19"]
[EventType "swiss"]
[EventRounds "5"]
[EventCountry "CAN"]

1. e4 c6 2. d4 d5 3. exd5 cxd5 4. Bd3 Nc6 5. c3 Nf6 6. Bf4 g6 7. Nf3 Bg7 8.
Nbd2 O-O 9. Qc2 Be6 10. h3 Rc8 11. a3 Na5 12. O-O Nc4 13. Bxc4 dxc4 14. Ne5 Bd5
15. Rfe1 e6 16. Ndf3 Ne8 17. Nd2 Nd6 18. Ng4 Nf5 19. Ne3 Nxe3 20. Bxe3 Qc7 21.
Qd1 h5 22. Nf3 Bxf3 23. Qxf3 Rfd8 24. Bf4 Qb6 25. Qe2 Rd5 26. a4 a5 27. Qd2 Qd8
28. Bh6 Bh8 29. Be3 Qd7 30. Qe2 Rc6 31. Bf4 Bg7 32. Qc2 Rb6 33. Ra3 Qc6 34. Be5
Bf8 35. Raa1 Rb3 36. Qd2 Bg7 37. Bxg7 Kxg7 38. Re5 Rxe5 39. dxe5 Qc5 40. Qf4
Qe7 41. Rb1 Qc7 42. Qf6+ Kf8 43. Rd1 Ke8 44. Rd2 b5 45. Qh8+ Ke7 46. Qf6+ Ke8
47. axb5 Rxb5 1/2-1/2

[Event "British Columbia-ch U20"]
[Site "Vancouver CAN"]
[Date "2022.11.20"]
[Round "4.9"]
[White "Qiu, Peter Yong"]
[Black "Jiang, William"]
[Result "1-0"]
[WhiteElo "1885"]
[BlackElo "1675"]
[PlyCount "99"]
[EventDate "2022.11.19"]
[EventType "swiss"]
[EventRounds "5"]
[EventCountry "CAN"]

1. e4 c5 2. Nc3 Nc6 3. f4 e6 4. Nf3 Nge7 5. g3 g6 6. Bg2 Bg7 7. O-O d5 8. d3 a6
9. Qe1 b5 10. exd5 exd5 11. Nxd5 Qxd5 12. Ne5 Qd4+ 13. Be3 Qd6 14. Nxc6 Bb7 15.
Nxe7 Bxg2 16. Kxg2 Qxe7 17. Bxc5 Qxe1 18. Raxe1+ Kd7 19. Re7+ Kc6 20. d4 Rhf8
21. Rfe1 Bf6 22. R7e2 Rfd8 23. c3 Rd7 24. Kf3 a5 25. g4 h6 26. Re8 Rad8 27.
Rxd8 Bxd8 28. Re8 Bf6 29. Ke4 a4 30. Rb8 Bd8 31. Ra8 Bc7 32. Ra7 g5 33. Ra6+
Kb7 34. Rxh6 Bxf4 35. Rb6+ Kc7 36. Rxb5 Bxh2 37. Ra5 Rd8 38. Rxa4 Re8+ 39. Kf5
Bf4 40. Ra7+ Kc6 41. c4 Re2 42. b4 Re5+ 43. dxe5 Bxe5 44. Ra6+ Kb7 45. Rb6+ Kc7
46. Kxe5 f6+ 47. Rxf6 Kd7 48. Rb6 Kc7 49. a4 Kd7 50. a5 1-0

[Event "British Columbia-ch U20"]
[Site "Vancouver CAN"]
[Date "2022.11.20"]
[Round "4.10"]
[White "Mohammad, Srush"]
[Black "Imoo, Joshua"]
[Result "0-1"]
[WhiteElo "1355"]
[BlackElo "1840"]
[PlyCount "110"]
[EventDate "2022.11.19"]
[EventType "swiss"]
[EventRounds "5"]
[EventCountry "CAN"]

1. e4 e5 2. Nf3 Nf6 3. Nxe5 d6 4. Nf3 Nxe4 5. Nc3 Nxc3 6. dxc3 Be7 7. Be3 O-O
8. Bd3 Nd7 9. Qd2 Ne5 10. Nxe5 dxe5 11. O-O-O c6 12. h4 Qa5 13. Kb1 Be6 14. a3
b5 15. Qc1 b4 16. cxb4 Bxb4 17. Bd2 Rab8 18. c4 Bxd2 19. Rxd2 Qxa3 20. g4 Qb4
21. Qc2 h6 22. g5 h5 23. g6 fxg6 24. Bxg6 Qxc4 25. Qxc4 Bxc4 26. Bxh5 Rf4 27.
Re1 e4 28. Rh1 Bd3+ 29. Ka2 Rf5 30. Rxd3 exd3 31. Bg6 Rxf2 32. Bxd3 Rfxb2+ 33.
Ka1 R2b4 34. Rh2 Ra4+ 35. Ra2 Rxa2+ 36. Kxa2 Rb4 37. h5 a5 38. Ka3 Kf7 39. Bg6+
Kf6 40. Be8 c5 41. Bg6 Kg5 42. Ka2 c4 43. Bc2 Kxh5 44. Ka3 g5 45. Ka2 g4 46.
Be4 Kh4 47. Bc2 g3 48. Be4 c3 49. Ka3 c2 50. Bxc2 g2 51. Bb1 Rxb1 52. Ka2 g1=Q
53. Ka3 Rb8 54. Ka2 Qh1 55. Ka3 Qa1# 0-1

[Event "British Columbia-ch U20"]
[Site "Vancouver CAN"]
[Date "2022.11.20"]
[Round "5.1"]
[White "Liu, Zachary"]
[Black "Zhou, Aiden"]
[Result "0-1"]
[WhiteElo "1932"]
[BlackElo "2230"]
[PlyCount "44"]
[EventDate "2022.11.19"]
[EventType "swiss"]
[EventRounds "5"]
[EventCountry "CAN"]

1. e4 c6 2. d4 d5 3. exd5 cxd5 4. Bd3 Nf6 5. h3 g6 6. Nf3 Bf5 7. Bxf5 gxf5 8.
O-O Bg7 9. Ne5 O-O 10. Re1 e6 11. c3 Nbd7 12. Bf4 Nxe5 13. Bxe5 Ne4 14. Bxg7
Kxg7 15. Nd2 Kh8 16. Qe2 Rg8 17. Nf1 Qh4 18. f3 Nf6 19. Kh2 f4 20. Rad1 Rg5 21.
Qb5 Rxg2+ 22. Kxg2 Rg8+ 0-1

[Event "British Columbia-ch U20"]
[Site "Vancouver CAN"]
[Date "2022.11.20"]
[Round "5.2"]
[White "Song, Ethan"]
[Black "Jiang, Kate"]
[Result "0-1"]
[WhiteElo "2152"]
[BlackElo "2006"]
[PlyCount "106"]
[EventDate "2022.11.19"]
[EventType "swiss"]
[EventRounds "5"]
[EventCountry "CAN"]

1. e4 e5 2. Nf3 Nc6 3. Bc4 Bc5 4. d3 Nf6 5. c3 d6 6. O-O h6 7. h3 O-O 8. Re1 a6
9. b4 Ba7 10. Nbd2 Re8 11. Qb3 Be6 12. Nf1 d5 13. exd5 Bxd5 14. Be3 b5 15. Bxd5
Nxd5 16. Rad1 Bxe3 17. fxe3 Nf6 18. Ng3 e4 19. Nxe4 Nxe4 20. dxe4 Qe7 21. Qd5
Qxe4 22. Qxe4 Rxe4 23. Rd7 Re7 24. Rxe7 Nxe7 25. Rd1 Kf8 26. e4 Ke8 27. Kf2 a5
28. Nd4 c6 29. bxa5 Rxa5 30. Rd2 Ra3 31. Nb3 Nc8 32. Nd4 Rxc3 33. Nf5 g6 34.
Nxh6 Nb6 35. Ng4 Nc4 36. Re2 Ke7 37. Nh2 Ne5 38. Nf3 Nd3+ 39. Kg3 c5 40. Re3 b4
41. Nd2 Nc1 42. Kf2 Nxa2 43. g4 Rc2 44. Ke2 c4 45. Kd1 Rc1+ 46. Ke2 c3 47. Nb3
Rb1 48. Nd4 b3 49. Kd3 Rd1+ 50. Kc4 b2 51. Nc6+ Kf8 52. e5 b1=Q 53. e6 fxe6 0-1

[Event "British Columbia-ch U20"]
[Site "Vancouver CAN"]
[Date "2022.11.20"]
[Round "5.3"]
[White "Leong, Aiden"]
[Black "Qu, Leo"]
[Result "1/2-1/2"]
[WhiteElo "1955"]
[BlackElo "2033"]
[PlyCount "189"]
[EventDate "2022.11.19"]
[EventType "swiss"]
[EventRounds "5"]
[EventCountry "CAN"]

1. Nf3 Nf6 2. g3 g6 3. b3 Bg7 4. Bb2 d6 5. Bg2 O-O 6. O-O c5 7. c4 Nc6 8. d3
Rb8 9. Nbd2 a6 10. a3 b5 11. Ra2 h6 12. Qa1 bxc4 13. Nxc4 Be6 14. Nfd2 Na5 15.
Nxa5 Qxa5 16. Bc3 Qc7 17. Rb1 Rfc8 18. e4 Ne8 19. Rc2 Qd7 20. Rcc1 Bxc3 21.
Qxc3 Nc7 22. Nf3 Nb5 23. Qa5 Bg4 24. b4 Bxf3 25. Bxf3 Nd4 26. Bd1 Qb5 27. Qxb5
axb5 28. Kf1 Ra8 29. Ra1 cxb4 30. axb4 Rxa1 31. Rxc8+ Kg7 32. Ke1 Ra2 33. Rc7
Kf6 34. Rc1 Rb2 35. h4 e5 36. Bg4 h5 37. Bd7 Rxb4 38. Rc7 Rb1+ 39. Kd2 Rf1 40.
f4 exf4 41. gxf4 Rxf4 42. Ke3 Ke5 43. Be8 Rf3+ 44. Kd2 Ne6 45. Re7 Kd4 46. Bxb5
Rf2+ 47. Ke1 Ke3 48. Bc4 Rh2 49. Kd1 Nd4 50. Kc1 Rxh4 51. Bxf7 g5 52. e5 dxe5
53. Rxe5+ Kf4 54. Re4+ Kg3 55. Bxh5 Rxh5 56. Rxd4 Kf3 57. Rd8 g4 58. Rf8+ Ke3
59. Rg8 Rh4 60. d4 Rh1+ 61. Kc2 Kf3 62. Kd3 g3 63. Rf8+ Kg4 64. Rg8+ Kh3 65.
Rh8+ Kg2 66. Rg8 Kf2 67. Rf8+ Ke1 68. Re8+ Kf1 69. Rf8+ Ke1 70. Re8+ Kf1 71.
Rf8+ Kg1 72. Rg8 g2 73. Kc4 Kf2 74. d5 Rh8 75. Rxg2+ Kxg2 76. d6 Kf3 77. Kd5
Kf4 78. Ke6 Rh6+ 79. Ke7 Ke5 80. d7 Rh7+ 81. Ke8 Rh8+ 82. Ke7 Rh7+ 83. Ke8 Ke6
84. d8=N+ Kf6 85. Nc6 Rb7 86. Nd8 Rc7 87. Kf8 Rd7 88. Ke8 Re7+ 89. Kf8 Rh7 90.
Ke8 Ke5 91. Nf7+ Kf6 92. Nd8 Rg7 93. Nc6 Rb7 94. Nd8 Ke5 95. Nxb7 1/2-1/2

[Event "British Columbia-ch U20"]
[Site "Vancouver CAN"]
[Date "2022.11.20"]
[Round "5.4"]
[White "Yang, Brian"]
[Black "Wang, Jerry"]
[Result "1-0"]
[WhiteElo "1967"]
[BlackElo "2019"]
[PlyCount "69"]
[EventDate "2022.11.19"]
[EventType "swiss"]
[EventRounds "5"]
[EventCountry "CAN"]

1. e4 e5 2. Nf3 Nc6 3. Bc4 Nf6 4. d3 h6 5. O-O d6 6. a4 Bg4 7. c3 Be7 8. Nbd2
O-O 9. h3 Bd7 10. Re1 Qc8 11. Nf1 Kh8 12. Ng3 Nh7 13. d4 Bd8 14. Be3 exd4 15.
cxd4 Bf6 16. Qd2 Qd8 17. Nh2 Be7 18. Bd3 Bg5 19. f4 Bh4 20. Qf2 f5 21. e5 dxe5
22. dxe5 Nxe5 23. fxe5 f4 24. Bxf4 g5 25. Qc2 Rxf4 26. Nh5 Rf2 27. Qc3 Bc6 28.
e6+ Nf6 29. Be4 Bxe4 30. Rxe4 Kg8 31. e7 Qd5 32. Nxf6+ Rxf6 33. e8=Q+ Rxe8 34.
Rxe8+ Kf7 35. Rf8+ 1-0

[Event "British Columbia-ch U20"]
[Site "Vancouver CAN"]
[Date "2022.11.20"]
[Round "5.5"]
[White "Guo, Veronica (Yu Han)"]
[Black "He, Matthew"]
[Result "0-1"]
[WhiteElo "2029"]
[BlackElo "1816"]
[PlyCount "74"]
[EventDate "2022.11.19"]
[EventType "swiss"]
[EventRounds "5"]
[EventCountry "CAN"]

1. d4 d5 2. c4 e6 3. Nc3 Bb4 4. e3 Nf6 5. Bd2 O-O 6. a3 Bxc3 7. Bxc3 b6 8. cxd5
exd5 9. Bd3 Ba6 10. Bxa6 Nxa6 11. Nf3 Nb8 12. O-O Nbd7 13. b4 c6 14. Rc1 Qe7
15. Qd3 Rac8 16. Rfd1 Rfd8 17. Qf5 Ne4 18. Nd2 Ndf6 19. Nxe4 Nxe4 20. Be1 Nd6
21. Qd3 Nc4 22. Rc2 Re8 23. Re2 Qe4 24. Qb3 Qe6 25. Rc1 f5 26. g3 Qe4 27. a4 g5
28. b5 f4 29. bxc6 Rxc6 30. Qb5 Ree6 31. Rc3 f3 32. Rec2 Qf5 33. e4 Qxe4 34.
Re3 Qxc2 35. Rxf3 Qe4 36. Qb4 Qxe1+ 37. Qxe1 Rxe1+ 0-1

[Event "British Columbia-ch U20"]
[Site "Vancouver CAN"]
[Date "2022.11.20"]
[Round "5.6"]
[White "Imoo, Joshua"]
[Black "Qiu, Peter Yong"]
[Result "1/2-1/2"]
[WhiteElo "1840"]
[BlackElo "1885"]
[PlyCount "41"]
[EventDate "2022.11.19"]
[EventType "swiss"]
[EventRounds "5"]
[EventCountry "CAN"]

1. e4 e5 2. Nf3 Nc6 3. Bc4 f5 4. d4 exd4 5. Nxd4 Nf6 6. Nxf5 d5 7. exd5 Bxf5 8.
dxc6 Qxd1+ 9. Kxd1 O-O-O+ 10. Ke2 Bc5 11. cxb7+ Kxb7 12. Re1 Ng4 13. Be3 Rhe8
14. Nc3 Nxh2 15. Bd3 Bxd3+ 16. cxd3 Ng4 17. Ne4 Bb4 18. Rh1 h6 19. a3 Bf8 20.
Rac1 Rd5 21. b4 1/2-1/2

[Event "British Columbia-ch U20"]
[Site "Vancouver CAN"]
[Date "2022.11.20"]
[Round "5.7"]
[White "Tang, Gideon"]
[Black "Qin, Kaiqi"]
[Result "1/2-1/2"]
[WhiteElo "1443"]
[BlackElo "1708"]
[PlyCount "21"]
[EventDate "2022.11.19"]
[EventType "swiss"]
[EventRounds "5"]
[EventCountry "CAN"]

1. e4 c6 2. d4 d5 3. e5 c5 4. dxc5 e6 5. Be3 Nd7 6. Bb5 Qa5+ 7. Nc3 a6 8. Bxd7+
Bxd7 9. a3 Qc7 10. f4 Bxc5 11. Qd3 1/2-1/2

[Event "British Columbia-ch U20"]
[Site "Vancouver CAN"]
[Date "2022.11.20"]
[Round "5.8"]
[White "Xu, Joey"]
[Black "Xu, Andrew"]
[Result "0-1"]
[WhiteElo "1603"]
[BlackElo "1959"]
[PlyCount "94"]
[EventDate "2022.11.19"]
[EventType "swiss"]
[EventRounds "5"]
[EventCountry "CAN"]

1. e4 c6 2. Nc3 d5 3. Nf3 Bg4 4. Be2 e6 5. d4 Bxf3 6. Bxf3 Nf6 7. O-O Be7 8.
Re1 O-O 9. Bf4 dxe4 10. Nxe4 Nxe4 11. Bxe4 Nd7 12. Qd2 Nf6 13. Bf3 Nd5 14. c4
Bb4 15. Qc1 Nxf4 16. Qxf4 Bxe1 17. Rxe1 Qf6 18. Qe3 Rad8 19. Rd1 Rd7 20. Rd2 h6
21. h3 Rfd8 22. d5 cxd5 23. cxd5 exd5 24. Bg4 Re7 25. Qd3 Re1+ 26. Kh2 Qe5+ 27.
g3 Qe4 28. Qxe4 Rxe4 29. Kg2 d4 30. Bf3 Re7 31. Rd3 b6 32. g4 Rc7 33. Bd1 Rc1
34. Kf3 Ra1 35. a3 Rb1 36. b3 Rc1 37. Ke4 Kf8 38. a4 Ke7 39. Ke5 Rc3 40. Rxd4
Rxd4 41. Kxd4 Rxh3 42. Ke4 Rc3 43. Kd4 Rc7 44. Bf3 Rc2 45. Bd5 Rxf2 46. Ke4 g6
47. Ke3 Rf6 0-1

[Event "British Columbia-ch U20"]
[Site "Vancouver CAN"]
[Date "2022.11.20"]
[Round "5.9"]
[White "Harms, Reece"]
[Black "Aljo, Johan"]
[Result "0-1"]
[WhiteElo "1629"]
[BlackElo "1932"]
[PlyCount "66"]
[EventDate "2022.11.19"]
[EventType "swiss"]
[EventRounds "5"]
[EventCountry "CAN"]

1. e4 c6 2. d4 d5 3. e5 Bf5 4. h4 h5 5. Be2 e6 6. Nf3 Nd7 7. Nbd2 c5 8. c4 dxc4
9. Nxc4 Be4 10. Bd3 Bxf3 11. Qxf3 cxd4 12. Bg5 Bb4+ 13. Kf1 Qc7 14. Rc1 Qb8 15.
Be4 a5 16. Bxb7 Ra7 17. Nd6+ Bxd6 18. Rc8+ Qxc8 19. Bxc8 Nxe5 20. Qe4 Ne7 21.
f4 Ng4 22. f5 Nxf5 23. Qc6+ Kf8 24. Ba6 g6 25. Bd3 Rc7 26. Qa6 Ng3+ 27. Kg1 Be5
28. Rh3 Kg7 29. Qxa5 f6 30. Bd2 Rhc8 31. Bf1 d3 32. Be1 Bd4+ 33. Bf2 Bxf2# 0-1

[Event "British Columbia-ch U20"]
[Site "Vancouver CAN"]
[Date "2022.11.20"]
[Round "5.10"]
[White "Qiu, Andrew Yu"]
[Black "Partovirad, Diba"]
[Result "1-0"]
[WhiteElo "1866"]
[BlackElo "1581"]
[PlyCount "151"]
[EventDate "2022.11.19"]
[EventType "swiss"]
[EventRounds "5"]
[EventCountry "CAN"]

1. e4 c6 2. d4 d5 3. f3 Nf6 4. e5 Nfd7 5. f4 e6 6. Nf3 c5 7. c3 Nc6 8. Be3 Be7
9. Bd3 c4 10. Bc2 Rb8 11. O-O b5 12. a3 a5 13. Ng5 Bxg5 14. fxg5 Qe7 15. Nd2 b4
16. axb4 axb4 17. Rc1 Nb6 18. Qh5 g6 19. Qe2 Bd7 20. Rf6 b3 21. Bb1 Na4 22. Nf3
Kd8 23. Rf1 Kc7 24. h4 Be8 25. Nh2 Ra8 26. Ng4 Nb6 27. Nh6 Nd8 28. Qf3 Ra1 29.
Qe2 Kb7 30. Kh2 Na4 31. R6f2 Kc8 32. Ng4 Nb6 33. Nf6 Ra7 34. Ng4 Kb8 35. Qf3
Nd7 36. Qg3 Nb6 37. Rf3 Na4 38. Qf2 Nb6 39. Qe2 Nd7 40. Nf2 Nb6 41. Nh3 Rg8 42.
Nf4 Rb7 43. Rh3 Ra7 44. Rhf3 Rh8 45. Kg1 Rg8 46. Rh3 Rg7 47. h5 Kc8 48. hxg6
fxg6 49. Rhf3 Rb7 50. Nh3 Nd7 51. Nf2 Rf7 52. Ng4 Rxf3 53. Rxf3 Ra7 54. Nf6 Nf8
55. Qf1 Nd7 56. Qe1 Ra1 57. Rf1 Nf8 58. Nxd5 Qa7 59. Nb4 Nd7 60. Qe2 Qc7 61.
Be4 Ra5 62. Bf4 Nb6 63. Rd1 Qa7 64. Kh2 Qf7 65. g3 Qc7 66. d5 exd5 67. Nxd5 Qa7
68. Be3 Rb5 69. Nxb6+ Rxb6 70. Bxb6 Qxb6 71. Qxc4+ Bc6 72. Rxd8+ Kxd8 73. Qxc6
Qf2+ 74. Bg2 Qxb2 75. Qd6+ Kc8 76. e6 1-0

[Event "CAN op"]
[Site "Hamilton CAN"]
[Date "2022.07.12"]
[Round "1.1"]
[White "Loadman, Ian"]
[Black "Mikhalevski, Victor"]
[Result "0-1"]
[WhiteElo "2086"]
[BlackElo "2629"]
[PlyCount "108"]
[EventDate "2022.07.12"]
[EventType "swiss"]
[EventRounds "9"]
[EventCountry "CAN"]

1. e4 e5 2. Nf3 Nc6 3. Nc3 g6 4. d4 exd4 5. Nd5 Bg7 6. Bg5 Nce7 7. Nxd4 c6 8.
Nc3 Qa5 9. Qd2 Nf6 10. O-O-O h6 11. Bf4 d5 12. Nb3 Qb6 13. Bd6 Be6 14. e5 Nd7
15. f4 Nf5 16. Bd3 Nxd6 17. exd6 Qb4 18. f5 gxf5 19. Rhf1 Qxd6 20. Bxf5 O-O-O
21. Rde1 Rde8 22. Nd4 h5 23. Kb1 Bxd4 24. Bxe6 fxe6 25. Qxd4 Ref8 26. Qh4 Rxf1
27. Rxf1 Rf8 28. Rxf8+ Qxf8 29. b3 Qf6 30. Qxf6 Nxf6 31. Kc1 Kd7 32. Kd2 e5 33.
Ke2 Ke6 34. g3 d4 35. Nd1 e4 36. h3 c5 37. a4 b6 38. Nb2 Nd7 39. Nd1 Ne5 40.
Nf2 Kf5 41. Nd1 a6 42. Nf2 b5 43. axb5 axb5 44. Nd1 c4 45. bxc4 Nxc4 46. Nf2
Ne5 47. Nd1 b4 48. Nb2 Ke6 49. Nd1 Kd5 50. Nb2 Nc4 51. Nd1 Na3 52. Kd2 e3+ 53.
Kd3 Nxc2 54. Kxc2 e2 0-1

[Event "CAN op"]
[Site "Hamilton CAN"]
[Date "2022.07.12"]
[Round "1.2"]
[White "Paragua, Mark"]
[Black "Ruelland, Geoffrey"]
[Result "1-0"]
[WhiteElo "2610"]
[BlackElo "2086"]
[PlyCount "35"]
[EventDate "2022.07.12"]
[EventType "swiss"]
[EventRounds "9"]
[EventCountry "CAN"]

1. d4 Nf6 2. c4 g6 3. g3 c6 4. Bg2 d5 5. Nf3 Bg7 6. O-O O-O 7. Ne5 Ng4 8. Nxg4
Bxg4 9. cxd5 cxd5 10. Nc3 Nc6 11. h3 Bf5 12. e3 Qd7 13. g4 Be6 14. e4 Nxd4 15.
exd5 Bxd5 16. Nxd5 e6 17. Be3 Nc6 18. Nf6+ 1-0

[Event "CAN op"]
[Site "Hamilton CAN"]
[Date "2022.07.12"]
[Round "1.3"]
[White "England, Max"]
[Black "Preotu, Razvan"]
[Result "0-1"]
[WhiteElo "2084"]
[BlackElo "2608"]
[PlyCount "94"]
[EventDate "2022.07.12"]
[EventType "swiss"]
[EventRounds "9"]
[EventCountry "CAN"]

1. e4 c5 2. Nf3 d6 3. d4 cxd4 4. Nxd4 Nf6 5. Nc3 a6 6. Be3 e5 7. Nb3 Be6 8. f3
h5 9. Qd2 Nbd7 10. O-O-O Be7 11. Nd5 Nxd5 12. exd5 Bf5 13. Bd3 Bxd3 14. Qxd3
Bg5 15. Kb1 O-O 16. Bxg5 Qxg5 17. h4 Qf4 18. Rdg1 Nf6 19. Nd2 Rac8 20. Ne4 Nxe4
21. fxe4 b5 22. Rf1 Qg4 23. b3 b4 24. Qf3 Rc3 25. Qxg4 hxg4 26. h5 Re3 27. Re1
Rxe1+ 28. Rxe1 Kh7 29. c3 bxc3 30. Rf1 Kh6 31. Rf5 f6 32. Kc2 Rc8 33. a3 Rc7
34. g3 Rc8 35. Rf2 Kxh5 36. Rh2+ Kg5 37. b4 g6 38. Rh7 f5 39. exf5 gxf5 40.
Rg7+ Kf6 41. Rd7 f4 42. Rxd6+ Kf5 43. gxf4 exf4 44. Re6 g3 45. Re1 f3 46. d6 f2
47. Rf1 Ke5 0-1

[Event "CAN op"]
[Site "Hamilton CAN"]
[Date "2022.07.12"]
[Round "1.4"]
[White "Sambuev, Bator"]
[Black "Fradkin, Benjamin"]
[Result "1-0"]
[WhiteElo "2568"]
[BlackElo "2076"]
[PlyCount "61"]
[EventDate "2022.07.12"]
[EventType "swiss"]
[EventRounds "9"]
[EventCountry "CAN"]

1. d4 c6 2. c4 d5 3. Nf3 Nf6 4. e3 Bf5 5. Nc3 e6 6. Nh4 Be4 7. Qb3 Qb6 8. cxd5
exd5 9. Qxb6 axb6 10. f3 Bg6 11. g4 b5 12. Nf5 Bxf5 13. gxf5 b4 14. Ne2 Bd6 15.
Bg2 O-O 16. e4 b3 17. a3 Bb4+ 18. Kf2 dxe4 19. fxe4 Re8 20. e5 Nd5 21. Bxd5
cxd5 22. Be3 Be7 23. Rag1 Kh8 24. Nf4 Nc6 25. Rg4 Ra4 26. Rhg1 Nxe5 27. dxe5 d4
28. Bd2 Bc5 29. Nd3 Bf8 30. Rc1 Raa8 31. Rxd4 1-0

[Event "CAN op"]
[Site "Hamilton CAN"]
[Date "2022.07.12"]
[Round "1.5"]
[White "Egorov, Mikhail"]
[Black "Sheng, Joshua"]
[Result "0-1"]
[WhiteElo "2055"]
[BlackElo "2558"]
[PlyCount "80"]
[EventDate "2022.07.12"]
[EventType "swiss"]
[EventRounds "9"]
[EventCountry "CAN"]

1. d4 Nf6 2. Nf3 g6 3. c4 Bg7 4. Nc3 O-O 5. e4 d6 6. h3 e5 7. d5 a5 8. Be3 Na6
9. g4 Nd7 10. Be2 Ndc5 11. g5 f5 12. Nd2 f4 13. Bxc5 Nxc5 14. h4 f3 15. Nxf3
Rf4 16. Nd2 c6 17. Qc2 a4 18. f3 h6 19. gxh6 Rxh4 20. h7+ Kxh7 21. O-O-O Bh6
22. Kb1 Bh3 23. Bf1 Bd7 24. Bg2 Kg7 25. Rdg1 Be3 26. Rxh4 Qxh4 27. Rh1 Qg5 28.
Nf1 Bd4 29. Qd2 Qxd2 30. Nxd2 a3 31. Nd1 axb2 32. Nxb2 b5 33. dxc6 Bxc6 34. Nb3
Nxb3 35. axb3 bxc4 36. Rc1 cxb3 37. Rxc6 Ra2 38. Rc7+ Kh6 39. Bh3 Rxb2+ 40. Kc1
Rh2 0-1

[Event "CAN op"]
[Site "Hamilton CAN"]
[Date "2022.07.12"]
[Round "1.6"]
[White "Liu, Henry"]
[Black "Hambleton, Aman"]
[Result "0-1"]
[WhiteElo "2041"]
[BlackElo "2549"]
[PlyCount "64"]
[EventDate "2022.07.12"]
[EventType "swiss"]
[EventRounds "9"]
[EventCountry "CAN"]

1. c4 c5 2. Nc3 e6 3. Nf3 b6 4. g3 Bb7 5. Bg2 Nf6 6. O-O a6 7. d4 cxd4 8. Nxd4
Bxg2 9. Kxg2 Qc7 10. Qa4 Be7 11. Rd1 O-O 12. Nf3 Rc8 13. b3 d5 14. Bf4 Qb7 15.
Rac1 dxc4 16. bxc4 Nbd7 17. Bd6 Bxd6 18. Rxd6 Rc7 19. Qb4 Rac8 20. Na4 b5 21.
Nb2 g5 22. Kg1 g4 23. Nd2 h5 24. Nb3 Ne4 25. Rd4 Ng5 26. h4 gxh3 27. f3 Ne5 28.
Rf4 Nexf3+ 29. exf3 Nxf3+ 30. Rxf3 Qxf3 31. Qd2 bxc4 32. Qg5+ Kh7 0-1

[Event "CAN op"]
[Site "Hamilton CAN"]
[Date "2022.07.12"]
[Round "1.7"]
[White "Noritsyn, Nikolay"]
[Black "Berengolts, Isaac"]
[Result "1-0"]
[WhiteElo "2557"]
[BlackElo "2042"]
[PlyCount "53"]
[EventDate "2022.07.12"]
[EventType "swiss"]
[EventRounds "9"]
[EventCountry "CAN"]

1. d4 c5 2. d5 e5 3. e4 d6 4. Nc3 Be7 5. Bb5+ Nd7 6. a4 Bg5 7. Nf3 Bxc1 8. Qxc1
a6 9. Be2 Nf8 10. Nd2 Qg5 11. g3 Bh3 12. f4 exf4 13. Nc4 Qh6 14. Qxf4 Qxf4 15.
gxf4 Rd8 16. Rg1 Bc8 17. O-O-O Ng6 18. Rdf1 Kf8 19. e5 dxe5 20. fxe5 b5 21.
axb5 axb5 22. Nxb5 Rxd5 23. Ncd6 Be6 24. Nc7 Rxe5 25. Nxe6+ Ke7 26. Nxf7 Rxe2
27. Nxc5 1-0

[Event "CAN op"]
[Site "Hamilton CAN"]
[Date "2022.07.12"]
[Round "1.8"]
[White "Samsonkin, Artiom"]
[Black "Drkulec, Vladimir"]
[Result "1/2-1/2"]
[WhiteElo "2539"]
[BlackElo "2020"]
[PlyCount "82"]
[EventDate "2022.07.12"]
[EventType "swiss"]
[EventRounds "9"]
[EventCountry "CAN"]

1. d4 Nf6 2. Bf4 d5 3. Nf3 c5 4. e3 Nc6 5. c3 Qb6 6. Qc2 cxd4 7. exd4 Bf5 8.
Qb3 e6 9. Ne5 Be7 10. Qxb6 axb6 11. Bb5 Rc8 12. Nd2 O-O 13. f3 Na7 14. Be2 h6
15. g4 Bh7 16. Kf2 Rfd8 17. h4 Nd7 18. Nxd7 Rxd7 19. a4 Bd6 20. Be3 Nc6 21. f4
f6 22. Bf3 Bc7 23. Rhd1 Bc2 24. Rdc1 Bd3 25. c4 Rcd8 26. cxd5 exd5 27. Ra3 Bg6
28. Rac3 Bb8 29. Rb3 Bf7 30. Rb5 Kf8 31. Rc3 Bc7 32. Rc1 Re7 33. Nb1 Rde8 34.
Rc3 Rd8 35. Na3 Red7 36. Nc2 Ra8 37. Ra3 Bd6 38. Ra1 Ra6 39. Bxd5 Bxf4 40. Bxf4
Bxd5 41. Nb4 Nxb4 1/2-1/2

[Event "CAN op"]
[Site "Hamilton CAN"]
[Date "2022.07.12"]
[Round "1.9"]
[White "Zhao, Jeffrey Renfei"]
[Black "Ortiz Suarez, Isan Reynaldo"]
[Result "0-1"]
[WhiteElo "2020"]
[BlackElo "2526"]
[PlyCount "68"]
[EventDate "2022.07.12"]
[EventType "swiss"]
[EventRounds "9"]
[EventCountry "CAN"]

1. e4 c5 2. Nf3 d6 3. d4 cxd4 4. Nxd4 Nf6 5. Nc3 a6 6. Be2 e6 7. Be3 Qc7 8. f4
Be7 9. Bf3 Nc6 10. Qd2 O-O 11. O-O Nxd4 12. Bxd4 e5 13. Be3 exf4 14. Bxf4 Be6
15. Kh1 Rac8 16. Rad1 Rfd8 17. Qd4 Qa5 18. Rf2 Rc4 19. Qe3 Qb4 20. Rfd2 Qxb2
21. Bxd6 Bxd6 22. Rxd6 Rxd6 23. Rxd6 Rc8 24. h3 h6 25. Rd3 Qxc2 26. e5 Nd7 27.
Bxb7 Rxc3 28. Rxc3 Qb1+ 29. Qc1 Qxb7 30. Rc8+ Kh7 31. Qc2+ g6 32. h4 Qb4 33.
Qf2 Nxe5 34. Rc1 Nd3 0-1

[Event "CAN op"]
[Site "Hamilton CAN"]
[Date "2022.07.12"]
[Round "1.10"]
[White "Wang, Jason"]
[Black "Richard, Leo"]
[Result "1-0"]
[WhiteElo "2515"]
[BlackElo "2014"]
[PlyCount "41"]
[EventDate "2022.07.12"]
[EventType "swiss"]
[EventRounds "9"]
[EventCountry "CAN"]

1. e4 e5 2. Nf3 Nc6 3. Bc4 Bc5 4. c3 Nf6 5. d3 O-O 6. O-O d5 7. exd5 Nxd5 8. a4
Bg4 9. a5 a6 10. Re1 Qd6 11. h3 Bh5 12. b4 Ba7 13. Ba3 Nf4 14. Bc1 Nxg2 15.
Kxg2 Qg6+ 16. Kf1 Qf5 17. Kg2 Rad8 18. Nbd2 Rd6 19. Ne4 Rg6+ 20. Ng3 Rxg3+ 21.
fxg3 1-0

[Event "CAN op"]
[Site "Hamilton CAN"]
[Date "2022.07.12"]
[Round "1.11"]
[White "Oancea, Nicolae"]
[Black "Banerjee, Bitan"]
[Result "0-1"]
[WhiteElo "2005"]
[BlackElo "2502"]
[PlyCount "58"]
[EventDate "2022.07.12"]
[EventType "swiss"]
[EventRounds "9"]
[EventCountry "CAN"]

1. e4 c5 2. Nf3 d6 3. Bb5+ Nd7 4. O-O Ngf6 5. Re1 a6 6. Bf1 b5 7. c3 Bb7 8. d3
e5 9. g3 g6 10. Bg2 Bg7 11. Nh4 O-O 12. f4 Re8 13. f5 c4 14. fxg6 hxg6 15. dxc4
Nc5 16. cxb5 Ncxe4 17. bxa6 Rxa6 18. Be3 d5 19. Nd2 d4 20. cxd4 exd4 21. Bf2
Nxf2 22. Kxf2 Bxg2 23. Kxg2 Rxe1 24. Qxe1 Re6 25. Qd1 d3 26. Nhf3 Re2+ 27. Kh1
Ng4 28. Qf1 Qd5 29. Qh3 Nf2+ 0-1